000 01031cad a22002055a 4500
001 L153955
008 110927e20110927xxk 000 0 eng d
035 _a(Sirsi) u153955
041 0 _aeng
110 2 _aHalifax
_95942
245 0 0 _aTerraced house prices climb £118 a week over the past decade
_h[electronic resource]
260 _c2011
490 _aHalifax Press Release
_v27 September 2011
520 _aHalifax Property Type Review which tracks price and sales movements by property type across the UK over the past ten years has found average price of terraced homes has risen by more than any category of residential property. Lists average house prices by type and property sales by buyer and property type.
590 _aKA NTK
651 4 _aUnited Kingdom
_y
690 _aPROPERTY-RESIDENTIAL PROPERTY-RESIDENTIAL PROPERTY MARKETs
856 4 0 _uhttps://www.lloydsbankinggroup.com/media/pdfs/halifax/2011/270911_Terraced_house_prices.pdf
_zView this item free of charge at www.lloydsbankinggroup.com
942 _n0
999 _c83427
_d83427